Tesoros de papel (Record no. 1520)

MARC details
000 -CABECERA
campo de control de longitud fija 00746nam a2200217 a 4500
001 - NÚMERO DE CONTROL
campo de control BRCA_1734
003 - IDENTIFICADOR DEL NÚMERO DE CONTROL
campo de control FranzMayer
005 - FECHA Y HORA DE LA ÚLTIMA TRANSACCIÓN
campo de control 20220809134625.0
008 - DATOS DE LONGITUD FIJA--INFORMACIÓN GENERAL
campo de control de longitud fija 070508s2006 mx-a---###---#000-0#spa-#
020 ## - NÚMERO INTERNACIONAL ESTÁNDAR DEL LIBRO
Número Internacional Estándar del Libro 968779433X
040 ## - FUENTE DE LA CATALOGACIÓN
Centro catalogador/agencia de origen AZU
Centro/agencia transcriptor AZU
Centro/agencia modificador IQU
050 #4 - SIGNATURA TOPOGRÁFICA DE LA BIBLIOTECA DEL CONGRESO
Número de clasificación F1226
Número de documento/Ítem .C42 2006
245 10 - MENCIÓN DE TÍTULO
Título Tesoros de papel
Resto del título documentos del Centro de Estudios de Historia de México CONDUMEX.
260 ## - PUBLICACIÓN, DISTRIBUCIÓN, ETC.
Lugar de publicación, distribución, etc. México
Nombre del editor, distribuidor, etc. Museo Soumaya : CONDUMEX
Fecha de publicación, distribución, etc. 2006
300 ## - DESCRIPCIÓN FÍSICA
Extensión 381 p.
Otras características físicas il. a color
Dimensiones 32 cm.
500 ## - NOTA GENERAL
Nota general Ubicación de CONT9979: L59-N5
610 24 - PUNTO DE ACCESO ADICIONAL DE MATERIA--NOMBRE DE ENTIDAD CORPORATIVA
Nombre de entidad corporativa o nombre de jurisdicción como elemento de entrada Centro de Estudios de Historia de México Condumex
Unidad subordinada Archivo Histórico
Subdivisión de forma Exposiciones
9 (RLIN) 5416
651 #4 - PUNTO DE ACCESO ADICIONAL DE MATERIA--NOMBRE GEOGRÁFICO
Nombre geográfico Mexico
Subdivisión de forma Bibliografía
Subdivisión general Historia
9 (RLIN) 5417
653 0# - TÉRMINO DE INDIZACIÓN--NO CONTROLADO
Término no controlado Colección CONDUMEX - CARSO
942 ## - ELEMENTOS DE PUNTO DE ACCESO ADICIONAL (KOHA)
Fuente del sistema de clasificación o colocación Library of Congress Classification
Tipo de ítem Koha Libros
Holdings
Estado de retiro Estado de pérdida Estado dañado No para préstamo Localización permanente Ubicación/localización actual Fecha de adquisición Total de préstamos Signatura topográfica completa Código de barras Fecha visto por última vez Precio válido a partir de Tipo de ítem Koha Fuente del sistema de clasificación o colocación
El ejemplar forma parte de la colección y puede ser consultado según las políticas vigentes.       Biblioteca del Museo Franz Mayer (Rogerio Casas-Alatriste) Biblioteca del Museo Franz Mayer (Rogerio Casas-Alatriste) 27/06/2008   F1226 .C42 2006 02371 22/03/2019 22/03/2019 Libros  
El ejemplar forma parte de la colección y puede ser consultado según las políticas vigentes.       Biblioteca del Museo Franz Mayer (Rogerio Casas-Alatriste) Biblioteca del Museo Franz Mayer (Rogerio Casas-Alatriste) 12/07/2022   F1226 .C42 2006 CONT9979 12/07/2022 12/07/2022 Libros Library of Congress Classification